El tenebroso viaje de Józef Teodor Konrad Korzeniowski: Kongo (Record no. 12527)

MARC details
000 -LEADER
campo de control de longitud fija 00363nam a2200133Ia 4500
008 - DATOS DE LONGITUD FIJA--INFORMACIÓN GENERAL
campo de control de longitud fija 231129s2014||||xx |||||||||||||| ||spa||
040 ## - FUENTE DE CATALOGACIÓN
Lengua de catalogación spa
082 ## - NÚMERO DE LA CLASIFICACIÓN DECIMAL DEWEY
Número de clasificación 741.5942 P458t
100 ## - ENTRADA PRINCIPAL--NOMBRE DE PERSONA
Nombre de persona Perrissin Christian
245 #0 - MENCIÓN DEL TÍTULO
Título El tenebroso viaje de Józef Teodor Konrad Korzeniowski: Kongo
260 ## - PUBLICACIÓN, DISTRIBUCIÓN, ETC.
Fecha de publicación, distribución, etc. 2014
264 ## - PRODUCCIÓN, PUBLICACIÓN, DISTRIBUCIÓN, FABRICACIÓN Y COPYRIGHT
Producción, publicación, distribución, fabricación y copyright Madrid España : DibBuks
942 ## - ELEMENTOS DE ENTRADA SECUNDARIOS (KOHA)
Fuente del sistema de clasificación o colocación Clasificación Decimal Dewey
Tipo de ítem Koha

No items available.

Powered by Koha